| 000 | 00674nam a2200229 a 4500 | ||
|---|---|---|---|
| 005 | 20210219153115.0 | ||
| 008 | 991125n 000 0 spa u | ||
| 035 | _aUPN01000078328 | ||
| 100 | 1 | _aHidalgo M., Guiselle | |
| 222 | 0 | _aREVISTA IBEROAMERICANA DE EDUCACION SUPERIOR A DISTANCIA | |
| 245 | 0 | 0 | _aEvolución del proceso de matrícula en la UNED de Costa Rica |
| 300 | _a45-62 | ||
| 362 | 0 | _a1996 Vol. 8, no. 2, nov. | |
| 653 | 0 | _aCOSTA RICA | |
| 653 | 0 | _aEDUCACION A DISTANCIA | |
| 653 | 0 | _aEDUCACION SUPERIOR | |
| 653 | 0 | _aMATRICULA | |
| 653 | 0 | _aUNED | |
| 700 | 1 |
_aMurillo González, Ana Cecilia, _ecoaut. |
|
| 904 |
_aAC _b016139 |
||
| 905 | _aArticulo | ||
| 999 |
_c68648 _d68648 |
||